Library Logo

শহীদুল্লা কায়সার ও জহির রায়হানের কথা সাহিত্য : (Record no. 157996)

000 -LEADER
fixed length control field 01136nam a22002057a 4500
003 - CONTROL NUMBER IDENTIFIER
control field BD-DhUL
005 - DATE AND TIME OF LATEST TRANSACTION
control field 20170226142738.0
008 - FIXED-LENGTH DATA ELEMENTS--GENERAL INFORMATION
fixed length control field 170220s2005 bg a|||| m||| 00| 0 ben d
040 ## - CATALOGING SOURCE
Original cataloging agency BD-DhUL
Transcribing agency BD-DhUL
082 ## - DEWEY DECIMAL CLASSIFICATION NUMBER
Classification number 891.4409
Item number BAS
100 1# - MAIN ENTRY--PERSONAL NAME
Personal name বানু, আরজুমন্দ আরা
245 10 - TITLE STATEMENT
Title শহীদুল্লা কায়সার ও জহির রায়হানের কথা সাহিত্য :
Remainder of title বিষয় ও প্রকরণ /
Statement of responsibility, etc. আরজুমন্দ আরা বানু ।
Medium অভিসন্দর্ভ (পি.এইচ.ডি).
260 ## - PUBLICATION, DISTRIBUTION, ETC. (IMPRINT)
Place of publication, distribution, etc. ঢাকা :
Name of publisher, distributor, etc. ঢাকা বিশ্ববিদ্যালয়,
Date of publication, distribution, etc. ২০০৫ ।
300 ## - PHYSICAL DESCRIPTION
Extent ২৯৫ পৃ. ;
Dimensions ২৯ সেমি ।
500 ## - GENERAL NOTE
General note অভিসন্দর্ভ ( পিএইচ.ডি ) -- বাংলা বিভাগ, ঢাকা বিশ্ববিদ্যালয়, ২০০৫ ।
504 ## - BIBLIOGRAPHY, ETC. NOTE
Bibliography, etc গ্রন্থপজ্ঞি সম্বলিত ।
650 #0 - SUBJECT ADDED ENTRY--TOPICAL TERM
Topical term or geographic name as entry element বাংলা সাহিত্য ।
650 #0 - SUBJECT ADDED ENTRY--TOPICAL TERM
Topical term or geographic name as entry element Bangla Literature.
942 ## - ADDED ENTRY ELEMENTS (KOHA)
Source of classification or shelving scheme
Koha item type Reference
Holdings
Price effective from Date last seen Permanent Location Not for loan Date acquired Source of classification or shelving scheme Koha item type Lost status Withdrawn status Copy number Source of acquisition Collection code Damaged status Shelving location Barcode Current Location Full call number
2017-02-262017-02-26Dhaka University Library 2017-02-26 Reference  1GiftReference Rare Collection402477Dhaka University Library891.4409 BAS
Last Updated on September 15, 2019
© Dhaka University Library. All Rights Reserved|Staff Login